000 00407cam a22001337a 4500
008 180718b1966 xxu||||| |||| 00| 0 eng d
082 _aT000x54 Sh87
100 _aShroff, A.D.
245 _aOn planning and finance in India
_cby A.D. Shroff
260 _aBombay
_bLalvani
_c1966
300 _axii,297p.
650 _aIndia --Economic conditions --1945
650 _aIndia --Economic policy. [from old catalog]
999 _c430931
_d430931